| 000 | 00651nam a2200169 a 4500 | ||
|---|---|---|---|
| 001 | 000027436 | ||
| 005 | 20240305085225.0 | ||
| 008 | 110331s1984 dr 000 | spa d | ||
| 040 |
_aDO-SdBNP _bspa _cBNPHU |
||
| 082 |
_axxx _bB253r |
||
| 100 | 1 |
_aBarinas Coiscou, Sócrates, _d1916-2021 _924379 |
|
| 245 | 1 | 0 |
_aRoldán : _bprimer rebelde y primer caudillo de América. Las dos vertientes de una rebelión / _cSócrates Barinas Coiscou ; introducción de Fidias Federico Aristy P. |
| 260 |
_aSanto Domingo : _b[s.n.], _c1984. _fImpresos de Calidad |
||
| 300 |
_a113 p. ; _c21 cm. |
||
| 700 | 1 |
_aAristy P., Fidias Federico, _eitnrod. _954505 |
|
| 049 | _aBNPD | ||
| 999 |
_c26928 _d26928 |
||